000 00904nam a22003017a 4500
001 BR2016004843
003 BR-BrBNA
005 20230928105016.0
007 ta
008 230509b bl.||||| |||| 00| 0 por d
040 _aBR-BrBNA
_bpor
_cBiblioteca Nacional de Agricultura
041 _a(Por)
072 _aL70; L52
_b5400
090 _ 5400 BR2016004843
100 1 _aCarvalho, L.A.R.
110 1 _aUniversidade Federal de Lavras, MG (Brasil)
_0Tese (Mestrado)
245 1 _aEstudo comparativo entre quatro métodos de aferição de condição corporal em cães
500 _aSummaries (Eng, Por); Bibliography p. 58-63; 10 tables; 7 illus.
650 _aCÃO
650 _aCONDIÇÃO CORPORAL
650 _aANÁLISE COMPARATIVA
650 _aMÉTODO
650 _aOBESIDADE
650 _aULTRA-SOM
650 _aVETERINÁRIA
909 _a202309
_bLucia
_c55
_dLucia Elande
942 _cBK
999 _c82917
_d82917